000
00304nam a2200121Ia 4500
005
20251222144904.0
008
251222s9999||||xx |||||||||||||| ||spa||
082
_a
027.006/M42
100
_a
Mendoza Navarro, Aída Luz
245
0
_a
Transparencia vs corrupción:
264
_b
Perú Textos
942
_c
LIB
999
_c
22100
_d
22100